Iceland : 2008 Article IV Consultation; Staff Report; Staff Supplement; Public Information Notice on the Executive Board Discussion; and Statement by the Executive Director for Iceland.

Iceland's 2008 Article IV Consultation shows that the long expansion is coming to an end, exposing the economy's overstretched private sector balance sheets, large macroeconomic imbalances, and high dependence on foreign financing. With external liquidity constraints binding, economic acti...

Descrizione completa

Dettagli Bibliografici
Ente Autore: International Monetary Fund
Natura: Periodico
Lingua:English
Pubblicazione: Washington, D.C. : International Monetary Fund, 2008.
Serie:IMF Staff Country Reports; Country Report ; No. 2008/367
Accesso online:Full text available on IMF
LEADER 01733cas a2200241 a 4500
001 AALejournalIMF005507
008 230101c9999 xx r poo 0 0eng d
020 |c 5.00 USD 
020 |z 9781451819380 
022 |a 1934-7685 
040 |a BD-DhAAL  |c BD-DhAAL 
110 2 |a International Monetary Fund. 
245 1 0 |a Iceland :   |b 2008 Article IV Consultation; Staff Report; Staff Supplement; Public Information Notice on the Executive Board Discussion; and Statement by the Executive Director for Iceland. 
264 1 |a Washington, D.C. :  |b International Monetary Fund,  |c 2008. 
300 |a 1 online resource (53 pages) 
490 1 |a IMF Staff Country Reports 
500 |a <strong>Off-Campus Access:</strong> No User ID or Password Required 
500 |a <strong>On-Campus Access:</strong> No User ID or Password Required 
506 |a Electronic access restricted to authorized BRAC University faculty, staff and students 
520 3 |a Iceland's 2008 Article IV Consultation shows that the long expansion is coming to an end, exposing the economy's overstretched private sector balance sheets, large macroeconomic imbalances, and high dependence on foreign financing. With external liquidity constraints binding, economic activity is expected to slow significantly from unsustainably high levels, inflation to remain well above target, and the current account to narrow. Uncertainty surrounding the outlook is unusually large, dominated by significant downside risks, both external and domestic. 
538 |a Mode of access: Internet 
830 0 |a IMF Staff Country Reports; Country Report ;  |v No. 2008/367 
856 4 0 |z Full text available on IMF  |u http://elibrary.imf.org/view/journals/002/2008/367/002.2008.issue-367-en.xml  |z IMF e-Library